000 00446cam a2200169 4500
001 J884
008 090401t1933 xxu||||| |||| 00| 0 eng d
035 _a(Sirsi) u19587
041 _aeng
100 _aEdwards, S.W.
245 4 _aThe acquisition of electricity wayleaves over agricultural estates.
260 _aTaunton
_bWoodley, Williams & Dunsford Ltd
_c1933
300 _a71p. ; 22cm.
350 _a0
942 _n0
948 _c04/03/1997
999 _c87689
_d87689